Sports Quiz

Random Sports or Soccer Quiz

Top Premier League Scorers Since 1996/97 Quiz Stats

 Plays Quiz Updated Jun 7, 2017

Challenge
Share
Tweet
Embed
Score 0/242 Timer 13:00
0 Plays Today
% Correct
Hary Kane
94.6%
Harry Kane
93.4%
Wayne Rooney
93.4%
Wayne Rooney
93.4%
Wayne Rooney
93.3%
Wayne Rooney
93.3%
Wayne Rooney
93.3%
Sergio Agüero
93.1%
Alan Shearer
92.9%
Alan Shearer
92.9%
Alan Shearer
92.9%
Alan Shearer
92.9%
Alan Shearer
92.9%
Alan Shearer
92.9%
Thierry Henry
92.8%
Thierry Henry
92.8%
Thierry Henry
92.8%
Thierry Henry
92.8%
Thierry Henry
92.8%
Thierry Henry
92.8%
Thierry Henry
92.8%
Wayne Rooney
92.8%
Wayne Rooney
92.6%
Sergio Agüero
92.1%
Jamie Vardy
91.8%
Mohamed Salah
90.6%
Sergio Agüero
90.4%
Sergio Agüero
90.4%
Harry Kane
90.3%
Sergio Agüero
90.3%
Sergio Agüero
90%
Romelu Lukaku
89.2%
Harry Kane
89.1%
Romelu Lukaku
88.3%
Jamie Vardy
87.4%
Didier Drogba
86.9%
Didier Drogba
86.9%
Didier Drogba
86.9%
Luis Suárez
86.4%
Luis Suárez
86.1%
Frank Lampard
85.3%
Frank Lampard
85.3%
Frank Lampard
85.3%
Frank Lampard
85.3%
Frank Lampard
84.7%
Robin van Persie
84.4%
Robin van Persie
84.4%
Andy Cole
83.9%
Andy Cole
83.8%
Andy Cole
83.8%
Andy Cole
83.8%
Andy Cole
83.8%
Robin van Persie
83.3%
Alexis Sánchez
83.3%
Jermain Defoe
83.1%
Cristiano Ronaldo
83%
Cristiano Ronaldo
83%
Cristiano Ronaldo
83%
Diego Costa
82.8%
Steven Gerrard
82.7%
Romelu Lukaku
82.7%
Riyad Mahrez
82.5%
Michael Owen
81.5%
Michael Owen
81.5%
Michael Owen
81.5%
Michael Owen
81.5%
Michael Owen
81.5%
Michael Owen
81.5%
Eden Hazard
81.4%
Raheem Sterling
80.4%
Demba Ba
80.1%
Jermaine Defoe
80%
Romelu Lukaku
79.9%
Romelu Lukaku
79.9%
Eden Hazard
79.6%
Diego Costa
79.3%
Demba Ba
78.9%
Olivier Giroud
78.5%
Olivier Giroud
78.2%
Roberto Firmino
77.7%
Alexis Sánchez
77.6%
% Correct
Olivier Giroud
77.5%
Darren Bent
77.2%
Darren Bent
77.2%
Darren Bent
77.2%
Darren Bent
77.2%
Darren Bent
77.2%
Riyad Mahrez
77.1%
Jermain Defoe
77%
Jermain Defoe
77%
Ruud van Nistelrooy
76.6%
Ruud van Nistelrooy
76.6%
Ruud van Nistelrooy
76.6%
Ruud van Nistelrooy
76.6%
Alexis Sánchez
76.3%
Robbie Fowler
76.3%
Robbie Fowler
76.2%
Robbie Fowler
76.2%
Fernando Torres
75.9%
Fernando Torres
75.9%
Fernando Torres
75.9%
Dennis Bergkamp
75.8%
Dennis Bergkamp
75.8%
Dwight Yorke
75.8%
Dwight Yorke
75.8%
Dwight Yorke
75.8%
Daniel Sturridge
75.4%
Dimitar Berbatov
75.3%
Dimitar Berbatov
75.3%
Dimitar Berbatov
75.3%
Christian Benteke
74.4%
Dimitar Berbatov
74.2%
Dele Alli
73.5%
Eden Hazard
71.7%
Ian Wright
70.6%
Gabriel Jesus
69.4%
Son Heung-Min
68.9%
Christian Benteke
67.4%
Carlos Tévez
67%
Carlos Tévez
67%
Carlos Tévez
67%
Teddy Sheringham
66.3%
Christian Benteke
66.2%
Alexandre Lacazette
66.1%
Edin Džeko
65.1%
Robbie Keane
64.8%
Robbie Keane
64.8%
Robbie Keane
64.8%
Yaya Touré
64.6%
Zlatan Ibrahimović
64.1%
Paul Scholes
63.7%
Troy Deeney
63.6%
Nicolas Anelka
62.9%
Nicolas Anelka
62.9%
Nicolas Anelka
62.9%
Nicolas Anelka
62.9%
Edin Džeko
62.8%
Mark Viduka
62.4%
Mark Viduka
62.4%
Mark Viduka
62.4%
Kevin Phillips
61.8%
Kevin Phillips
61.8%
Gareth Bale
59.8%
Emile Heskey
58.6%
Robert Pirès
58.5%
Robert Pirès
58.5%
Robert Pirès
58.5%
Charlie Austin
58.5%
David Silva
58.2%
Jimmy Floyd Hasselbaink
57.1%
Jimmy Floyd Hasselbaink
57.1%
Jimmy Floyd Hasselbaink
57.1%
Jimmy Floyd Hasselbaink
57.1%
Jimmy Floyd Hasselbaink
57.1%
Matt Le Tissier
55.9%
Emmanuel Adebayor
55.7%
Emmanuel Adebayor
55.7%
Emmanuel Adebayor
55.7%
Peter Crouch
55.5%
Alan Smith
54.8%
Wilfried Bony
54.8%
Gianfranco Zola
54%
% Correct
Papiss Cissé
53.7%
Odion Ighalo
53.3%
Ole Gunnar Solskjær
53.1%
Ole Gunnar Solskjær
53.1%
Chris Sutton
52.2%
Les Ferdinand
51.1%
Michu
51.1%
Dion Dublin
50.3%
Dion Dublin
50.3%
Dion Dublin
50.3%
Andy Johnson
48.5%
Rickie Lambert
46.2%
Graziano Pellè
45.9%
Fernando Llorente
45.7%
Glenn Murray
45.7%
Yakubu Aiyegbeni
45.1%
Yakubu Aiyegbeni
45.1%
Yakubu Aiyegbeni
45.1%
Yakubu Aiyegbeni
45.1%
Yakubu Aiyegbeni
45.1%
Yakubu Aiyegbeni
45.1%
Gabriel Agbonlahor
44.8%
Gabriel Agbonlahor
44.8%
Andy Carroll
44.3%
Harry Kewell
44.3%
Louis Saha
43.9%
Louis Saha
43.9%
Saido Berahino
42.9%
Cesc Fàbregas
39.5%
Dirk Kuyt
38.6%
Dirk Kuyt
38.6%
Dirk Kuyt
38.6%
Kevin Davies
38.6%
Robinho
37.2%
James Beattie
36.8%
James Beattie
36.8%
James Beattie
36.8%
Clint Dempsey
36.8%
Paolo Di Canio
35.9%
Javier Hernández
35.9%
Mario Balotelli
35.6%
Eiður Guðjohnsen
35.3%
Eiður Guðjohnsen
35.3%
Jay Rodriguez
35.1%
Roque Santa Cruz
33.8%
Juninho Paulista
33.1%
D.J. Campbell
32.8%
Joshua King
32.4%
Niall Quinn
32.3%
Fabrizio Ravanelli
30%
Craig Bellamy
29.9%
Grant Holt
29.5%
Florent Malouda
28.4%
Stan Collymore
27.6%
Rafael van der Vaart
24.2%
Marcus Stewart
24.1%
Benni McCarthy
23.6%
Juan Pablo Ángel
23.4%
Kevin Doyle
22.2%
John Carew
22.1%
Benjani Mwaruwari
21.6%
Paulo Wanchope
21.3%
Darren Huckerby
21.1%
Peter Odemwingie
20.6%
Marian Pahars
20.5%
Michael Bridges
18.5%
Mikael Forssell
18.5%
John Hartson
17.2%
Chris Armstrong
17.1%
Frédéric Kanouté
16.4%
Steffen Iversen
16%
Gustavo Poyet
15.9%
Kevin Gallacher
13.5%
Hamilton Ricard
12.7%
Henri Camara
12.5%
Marlon Harewood
11.3%
Julian Joachim
10.3%
Jonatan Johansson
9.6%
Steve Claridge
9.3%
Alen Bokšić
9%

You're not logged in!

Compare scores with friends on all Sporcle quizzes.
Join for Free
OR
Log In

You Might Also Like...

Show Comments

Extras

Top Quizzes Today


Score Distribution

Your Account Isn't Verified!

In order to create a playlist on Sporcle, you need to verify the email address you used during registration. Go to your Sporcle Settings to finish the process.

Report this User

Report this user for behavior that violates our Community Guidelines.

Details: